000 01324aam a2200349 i 4500
999 _c45823
_d45823
001 768714001
003 CO-MdFUSB
005 20201022121418.0
007 ta
008 200513t1901 enk |||| |||| 00| 0 eng d
020 _a[No incluye ISBN]
040 _bspa.
_aCO-MdFUSB
_cCO-MdFUSB
_dCO-MdFUSBC
_erda
041 _aeng
082 _223
_a229.9
_bH821
100 1 _aHort, Fenton John Anthony
_eautor
245 1 0 _aNotes introductory to the study of the Clementine recognitions :
_ba course of lectures
_c/ Fenton John Anthony Hort
264 1 _aLondres :
_bMacmillan Publishing,
_c[1901]
264 4 _c© 1901
300 _axv, 158 páginas
_c; 23 cm
336 _atexto
_btxt
_2rdacontent
337 _2rdamedia
_asin mediación
_bn
338 _2rdacarrier
_avolumen
_bnc
505 _aNotas de introducción al estudio de los reconocimientos de Clementinos - El origen y la fecha de la literatura de Clementina - La evidencia de los escritores antiguos - Otra evidencia - San Pablo y Simón el Mago - Doctrina de los reconocimientos
563 _aPasta dura
650 7 _9659
_aIglesia
_xHistoria
_y(Iglesia primitiva), ca. 0030-0600
650 7 _9279
_aEvangelios apócrifos
653 _apseudografía
653 _aLiteratura apócrifa.
942 _cBK
945 _aJTF-925